01564nam a2200361 a 4500001001200000003000800012006001900020007001500039008004100054020001800095020002700113040002100140035002100161050002800182082001600210100002600226245012300252260006200375300001400437490007600451490006800527504005100595533015200646600004400798650002300842650003000865650001400895650002400909655002900933710001700962830009700979856012601076ebr10742814CaPaEBRm o u cr cn|||||||||130816s2013 si sb 001 0deng d z9789814460873 z9789814460880 (e-book) aCaPaEBRcCaPaEBR a(OCoLC)85706629614aQA267.5.C45bC48 2013eb04a511.3/52231 aChua, Leon O.,d1936-12aA nonlinear dynamics perspective of Wolfram's new kind of scienceh[electronic resource] .nVolume VI /cLeon O. Chua. aSingapore ;aHackensack, N.J. :bWorld Scientific,c2013. ax, 568 p.1 aNonlinear dynamics perspective of Wolfram's new kind of science ;vv. 61 aWorld Scientific series on nonlinear science. Series A ;vv. 85 aIncludes bibliographical references and index. aElectronic reproduction.bPalo Alto, Calif. :cebrary,d2013.nAvailable via World Wide Web.nAccess may be limited to ebrary affiliated libraries.10aWolfram, Stephen.tNew kind of science. 0aCellular automata. 0aComputational complexity. 0aDynamics. 0aNonlinear theories. 7aElectronic books.2local2 aebrary, Inc. 0aWorld Scientific series on nonlinear science.nSeries A,pMonographs and treatises ;vv. 85.40uhttp://site.ebrary.com/lib/rucke/Doc?id=10742814zAn electronic book accessible through the World Wide Web; click to view